[Event "Liga Madrileña - DH 2011-2012"]
[Site "Madrid ESP"]
[Date "2012.02.26"]
[Round "12.14"]
[White "Solaesa Navalpotro, Luis Julio"]
[Black "Bolado Saez, Sergio"]
[Result "0-1"]
[WhiteElo "2270"]
[BlackElo "2361"]
[PlyCount "62"]
[EventDate "2011.11.13"]
[EventType "team"]
[EventRounds "14"]
[EventCountry "ESP"]
[Source "lmi"]
[SourceDate "2011.11.13"]
[WhiteTeam "Moratalaz"]
[BlackTeam "64 Villalba"]
[WhiteTeamCountry "ESP"]
[BlackTeamCountry "ESP"]

1. d4 d5 2. c4 c6 3. Nf3 Nf6 4. Qc2 g6 5. e3 Bg7 6. Nc3 O-O 7. Bd2 a6 8. Bd3 b5
9. cxd5 cxd5 10. Ne5 Bb7 11. b4 Nfd7 12. Nxd7 Qxd7 13. a4 Nc6 14. Qb3 e5 15.
axb5 axb5 16. Rxa8 Rxa8 17. O-O exd4 18. Nxb5 dxe3 19. fxe3 Ba6 20. Na3 Bxd3
21. Qxd3 Ne5 22. Qb5 Qa7 23. Nb1 d4 24. exd4 Ng4 25. Qe2 Bxd4+ 26. Kh1 Nf2+ 27.
Kg1 Ne4+ 28. Kh1 Re8 29. Qf3 Re6 30. Bf4 g5 31. Bg3 Rf6 0-1

[Event "Liga Madrileña - DH 2011-2012"]
[Site "Madrid ESP"]
[Date "2012.02.26"]
[Round "12.15"]
[White "Gongora Montes, Benjamin"]
[Black "Rodriguez Yuste, Marcelo"]
[Result "0-1"]
[WhiteElo "2217"]
[BlackElo "2234"]
[PlyCount "112"]
[EventDate "2011.11.13"]
[EventType "team"]
[EventRounds "14"]
[EventCountry "ESP"]
[Source "lmi"]
[SourceDate "2011.11.13"]
[WhiteTeam "64 Villalba"]
[BlackTeam "Moratalaz"]
[WhiteTeamCountry "ESP"]
[BlackTeamCountry "ESP"]

1. e4 c5 2. Nf3 e6 3. d3 Nc6 4. g3 d5 5. Nbd2 g6 6. Bg2 Bg7 7. O-O Nge7 8. c3
O-O 9. Re1 b6 10. e5 Ba6 11. Nf1 Qc7 12. Qe2 Rad8 13. Bg5 h6 14. Bf6 Bxf6 15.
exf6 Nf5 16. g4 Nd6 17. Qe3 Ne8 18. Qxh6 Nxf6 19. Ng5 Ne5 20. d4 Nexg4 21. Qh4
Bxf1 22. Bxf1 Kg7 23. Qg3 Qxg3+ 24. hxg3 Nh6 25. Bd3 Nf5 26. Nf3 Nd7 27. Kg2
Nd6 28. Re2 Rc8 29. Rh1 Rh8 30. Rhe1 cxd4 31. Nxd4 Nf6 32. Ba6 Rce8 33. a4 Nd7
34. Bd3 Nc5 35. Bc2 Nc4 36. b3 Nd6 37. Ra1 Rc8 38. f3 Rhe8 39. Rae1 Nd7 40. Re3
e5 41. Nb5 Nxb5 42. axb5 d4 43. R3e2 Rxc3 44. Be4 d3 45. Ra2 Nc5 46. Rxa7 Rd8
47. Kf2 Rxb3 48. Rd1 Rb2+ 49. Kg1 Re2 50. Bc6 g5 51. Kf1 Rh8 52. Kg1 d2 53.
Raa1 Nd3 54. f4 gxf4 55. Bf3 Re3 56. Kg2 Ne1+ 0-1

[Event "Liga Madrileña - DH 2011-2012"]
[Site "Madrid ESP"]
[Date "2012.02.26"]
[Round "12.16"]
[White "Ramirez Garcia, Jorge Alberto"]
[Black "Bermejo Arruego, Luis"]
[Result "0-1"]
[WhiteElo "2177"]
[BlackElo "2171"]
[PlyCount "124"]
[EventDate "2011.11.13"]
[EventType "team"]
[EventRounds "14"]
[EventCountry "ESP"]
[Source "lmi"]
[SourceDate "2011.11.13"]
[WhiteTeam "Moratalaz"]
[BlackTeam "64 Villalba"]
[WhiteTeamCountry "ESP"]
[BlackTeamCountry "ESP"]

1. d4 g6 2. Nf3 Bg7 3. e3 Nf6 4. Be2 d6 5. b4 e5 6. dxe5 Ng4 7. Bb2 Nc6 8. Bb5
O-O 9. Bxc6 bxc6 10. O-O a5 11. bxa5 Re8 12. Nbd2 Nxe5 13. Nxe5 Bxe5 14. Bxe5
Rxe5 15. Nb3 c5 16. Qf3 Bf5 17. Qe2 Qh4 18. c4 Rae8 19. Rfe1 Bd7 20. f4 Rh5 21.
g3 Qh3 22. Rac1 Bc8 23. Qg2 Qd7 24. Rc2 Qa4 25. g4 Rh4 26. h3 Qb4 27. Kf2 Bb7
28. Qg3 Rh6 29. Rec1 Kh8 30. Kg1 f6 31. Kh2 g5 32. Rc3 Rg6 33. Qf2 Rg7 34. fxg5
fxg5 35. Qf6 Ba8 36. Rf1 Qb7 37. Rc2 Qe4 38. Qf2 Qe5+ 39. Kg1 Rf7 40. Qh2 Qxe3+
41. Rcf2 Ref8 42. Nd2 Kg8 43. a6 Qxd2 44. Rxf7 Qxh2+ 45. Kxh2 Rxf7 46. Rb1 Kg7
47. Rb8 Rf8 48. a7 Kf7 49. h4 h6 50. Kg3 Ke7 51. Kh3 Bc6 52. Kg3 Rf3+ 53. Kh2
Ra3 54. Rh8 Rxa7 55. Rxh6 gxh4 56. Kh3 Rxa2 57. Rh7+ Kd8 58. Rh8+ Be8 59. g5
Ra1 60. Kh2 Ke7 61. Rh7+ Ke6 62. Rxh4 Kf5 0-1

[Event "Liga Madrileña - DH 2011-2012"]
[Site "Madrid ESP"]
[Date "2012.02.26"]
[Round "12.21"]
[White "Granda Zuniga, Julio E"]
[Black "Gergacz, Attila"]
[Result "1-0"]
[WhiteElo "2636"]
[BlackElo "2432"]
[PlyCount "91"]
[EventDate "2011.11.13"]
[EventType "team"]
[EventRounds "14"]
[EventCountry "ESP"]
[Source "lmi"]
[SourceDate "2011.11.13"]
[WhiteTeam "Collado Villalba"]
[BlackTeam "Virgen de Atocha"]
[WhiteTeamCountry "ESP"]
[BlackTeamCountry "ESP"]

1. Nf3 Nf6 2. d4 d5 3. c4 c6 4. Nbd2 Bf5 5. e3 h6 6. Qb3 Qc7 7. Be2 Nbd7 8. O-O
e6 9. Rd1 Bd6 10. Nf1 Ne4 11. Ne1 Nef6 12. Bd2 O-O 13. Rac1 Ng4 14. Nf3 Be4 15.
h3 Ngf6 16. Bb4 Bxb4 17. Qxb4 dxc4 18. Qxc4 Bd5 19. Qc2 e5 20. Ng3 exd4 21. e4
Be6 22. Nxd4 Qe5 23. Nxe6 Qxe6 24. f4 Nb6 25. b3 Rad8 26. Bf3 g6 27. Qc5 Rfe8
28. Qa5 Qe7 29. Rxd8 Rxd8 30. Qxa7 Qc7 31. e5 Nfd5 32. Bxd5 Nxd5 33. Qf2 Qb6
34. Qxb6 Nxb6 35. Ne4 Ra8 36. a4 Nd5 37. g3 Rd8 38. Rd1 Kf8 39. Nf6 Ke7 40.
Nxd5+ cxd5 41. Rd4 Rd7 42. Kf2 Ke6 43. Ke3 Rc7 44. Rb4 Rc6 45. Rxb7 g5 46. Kd4
1-0

[Event "Liga Madrileña - DH 2011-2012"]
[Site "Madrid ESP"]
[Date "2012.02.26"]
[Round "12.22"]
[White "Anton Guijarro, David"]
[Black "Vazquez Igarza, Renier"]
[Result "1-0"]
[WhiteElo "2469"]
[BlackElo "2566"]
[PlyCount "113"]
[EventDate "2011.11.13"]
[EventType "team"]
[EventRounds "14"]
[EventCountry "ESP"]
[Source "lmi"]
[SourceDate "2011.11.13"]
[WhiteTeam "Virgen de Atocha"]
[BlackTeam "Collado Villalba"]
[WhiteTeamCountry "ESP"]
[BlackTeamCountry "ESP"]

1. d4 Nf6 2. Nf3 g6 3. Bg5 Bg7 4. Nbd2 O-O 5. c3 c5 6. e3 b6 7. Bd3 Ba6 8. Bxa6
Nxa6 9. O-O d6 10. Re1 Nc7 11. a4 Ne6 12. Bh4 Qd7 13. Qb3 Qb7 14. Bxf6 Bxf6 15.
d5 Nc7 16. e4 Bg7 17. Nc4 Rab8 18. Rad1 Rfd8 19. h4 Qc8 20. e5 Qf5 21. exd6
exd6 22. Re7 b5 23. Ne3 Qc8 24. axb5 Bf8 25. Re4 Rxb5 26. Qc2 Qb7 27. h5 Rxb2
28. Qd3 Rb8 29. Ng5 Rb1 30. Kh2 Qb5 31. hxg6 hxg6 32. Nc4 Rxd1 33. Qh3 Bg7 34.
Re7 Qe8 35. Rxe8+ Rxe8 36. Qf3 Rxd5 37. Qxf7+ Kh8 38. f4 Rxg5 39. fxg5 d5 40.
Nd2 Re2 41. Nf3 Ne6 42. Qxg6 Rxg2+ 43. Kh1 Re2 44. Qd3 Nf4 45. Qf5 Ne6 46. Qxd5
Re3 47. g6 Nf8 48. Qh5+ Kg8 49. Qd5+ Kh8 50. Qf5 Re6 51. Nh4 c4 52. Qh5+ Kg8
53. Qd5 Bxc3 54. Qxc4 Bf6 55. Nf5 a5 56. Qc7 Be5 57. Qf7+ 1-0

[Event "Liga Madrileña - DH 2011-2012"]
[Site "Madrid ESP"]
[Date "2012.02.26"]
[Round "12.23"]
[White "Moreno Ruiz, Javier"]
[Black "Almagro Llamas, Pablo"]
[Result "1-0"]
[WhiteElo "2513"]
[BlackElo "2461"]
[PlyCount "89"]
[EventDate "2011.11.13"]
[EventType "team"]
[EventRounds "14"]
[EventCountry "ESP"]
[Source "lmi"]
[SourceDate "2011.11.13"]
[WhiteTeam "Collado Villalba"]
[BlackTeam "Virgen de Atocha"]
[WhiteTeamCountry "ESP"]
[BlackTeamCountry "ESP"]

1. d4 Nf6 2. c4 e6 3. Nc3 Bb4 4. Qc2 c5 5. dxc5 Nc6 6. Nf3 Bxc5 7. Bg5 O-O 8.
Rd1 Be7 9. e3 Qa5 10. Be2 d5 11. O-O dxc4 12. Bxc4 a6 13. a3 Ne5 14. Nxe5 Qxe5
15. Bf4 Qa5 16. e4 b5 17. Bd3 b4 18. e5 bxc3 19. exf6 Bxf6 20. Bxh7+ Kh8 21.
Be4 Ra7 22. Bd6 Be7 23. Rd3 f5 24. Bxe7 Rxe7 25. Rxc3 Bd7 26. Bf3 e5 27. b4 Qb6
28. Bd5 g5 29. Re1 a5 30. Qd2 f4 31. bxa5 Qd6 32. Rd3 Qb8 33. Be4 Be6 34. Rd6
Kg7 35. Rb1 Qa7 36. Rbb6 Bf7 37. h3 Rc8 38. a6 Rc4 39. Qd3 Rc1+ 40. Kh2 g4 41.
Rh6 Re1 42. Rh7+ Kf8 43. Qd8+ Re8 44. Qd6+ Kg8 45. Qf6 1-0

[Event "Liga Madrileña - DH 2011-2012"]
[Site "Madrid ESP"]
[Date "2012.02.26"]
[Round "12.24"]
[White "Rubio Mejia, Luis Ignacio"]
[Black "Taboas Rodriguez, Daniel"]
[Result "1/2-1/2"]
[WhiteElo "2439"]
[BlackElo "2418"]
[PlyCount "38"]
[EventDate "2011.11.13"]
[EventType "team"]
[EventRounds "14"]
[EventCountry "ESP"]
[Source "lmi"]
[SourceDate "2011.11.13"]
[WhiteTeam "Virgen de Atocha"]
[BlackTeam "Collado Villalba"]
[WhiteTeamCountry "ESP"]
[BlackTeamCountry "ESP"]

1. d4 d5 2. c4 e6 3. Nc3 Be7 4. cxd5 exd5 5. Bf4 c6 6. Qc2 g6 7. e3 Bf5 8. Qd2
Nf6 9. f3 h5 10. h4 O-O 11. Nge2 Nbd7 12. Ng3 Be6 13. Bd3 Ne8 14. O-O-O Ng7 15.
Nge2 Bxh4 16. Rdg1 Bf2 17. Rf1 Bh4 18. Rfg1 Bf2 19. Rf1 Bh4 1/2-1/2

[Event "Liga Madrileña - DH 2011-2012"]
[Site "Madrid ESP"]
[Date "2012.02.26"]
[Round "12.25"]
[White "Cao Armillas, Jesus"]
[Black "Martinez Martin, David"]
[Result "0-1"]
[WhiteElo "2174"]
[BlackElo "2395"]
[PlyCount "126"]
[EventDate "2011.11.13"]
[EventType "team"]
[EventRounds "14"]
[EventCountry "ESP"]
[Source "lmi"]
[SourceDate "2011.11.13"]
[WhiteTeam "Collado Villalba"]
[BlackTeam "Virgen de Atocha"]
[WhiteTeamCountry "ESP"]
[BlackTeamCountry "ESP"]

1. d4 Nf6 2. c4 g6 3. Nc3 Bg7 4. g3 O-O 5. Bg2 d6 6. Nf3 Nc6 7. O-O Bf5 8. d5
Na5 9. Nd2 c5 10. e4 Bd7 11. h3 a6 12. Rb1 Qc8 13. Kh2 b5 14. Qc2 bxc4 15. Nd1
Rb8 16. Ne3 e6 17. dxe6 Bxe6 18. Ndxc4 Nxc4 19. Nxc4 Nxe4 20. Bxe4 d5 21. Bf4
Rb4 22. Nd6 Qc6 23. a3 Rd4 24. Be3 Qxd6 25. Bxd4 Bxd4 26. Bg2 Bf5 27. Qd2 Bxb1
28. Rxb1 Rd8 29. Rd1 Qf6 30. b4 Bc3 31. Qe2 cxb4 32. Bxd5 Bd4 33. Qc4 bxa3 34.
Qxd4 Qxd4 35. Rxd4 Kg7 36. Ra4 Rxd5 37. Rxa6 Rd3 38. Kg2 h5 39. h4 Kf8 40. Ra7
Ke8 41. Kf1 Rb3 42. Kg2 f6 43. Ra6 Ke7 44. Kh3 g5 45. hxg5 fxg5 46. Ra5 Kf6 47.
Ra6+ Ke5 48. Ra5+ Kd4 49. Rxg5 Kc3 50. Rxh5 a2 51. Ra5 Kb2 52. Rxa2+ Kxa2 53.
Kh4 Ka3 54. Kg5 Rf3 55. g4 Kb4 56. Kg6 Kc5 57. g5 Kd6 58. Kh7 Rxf2 59. g6 Rh2+
60. Kg8 Ke7 61. g7 Rg2 62. Kh7 Kf7 63. Kh8 Rh2# 0-1

[Event "Liga Madrileña - DH 2011-2012"]
[Site "Madrid ESP"]
[Date "2012.02.26"]
[Round "12.26"]
[White "Rudolf, Anna"]
[Black "Lorite Cruz, Francisco"]
[Result "1-0"]
[WhiteElo "2352"]
[BlackElo "2040"]
[PlyCount "93"]
[EventDate "2011.11.13"]
[EventType "team"]
[EventRounds "14"]
[EventCountry "ESP"]
[Source "lmi"]
[SourceDate "2011.11.13"]
[WhiteTeam "Virgen de Atocha"]
[BlackTeam "Collado Villalba"]
[WhiteTeamCountry "ESP"]
[BlackTeamCountry "ESP"]

1. e4 c5 2. Nf3 Nc6 3. Bb5 g6 4. Bxc6 bxc6 5. O-O Bg7 6. c3 Nf6 7. Re1 O-O 8.
h3 d5 9. e5 Ne8 10. d4 c4 11. Nbd2 f6 12. b3 cxb3 13. axb3 Nc7 14. Ba3 Re8 15.
Bc5 Na6 16. Qe2 Nxc5 17. dxc5 Qc7 18. e6 a5 19. Qe3 Rf8 20. Nd4 h5 21. f4 Bh6
22. Rf1 Kh7 23. g3 Ba6 24. Rf2 g5 25. fxg5 Bxg5 26. Qf3 Kg6 27. h4 Bxd2 28.
Rxd2 f5 29. Re1 f4 30. g4 Kh7 31. Rg2 Rg8 32. g5 Kg6 33. c4 Rgf8 34. Qd3+ Kg7
35. g6 dxc4 36. bxc4 f3 37. Nxf3 Qf4 38. Qc3+ Rf6 39. Nd2 Qf5 40. Ne4 Raf8 41.
Nxf6 Qxc5+ 42. Kh1 Rxf6 43. Rf1 Bc8 44. Rxf6 exf6 45. Re2 Qf5 46. Qe3 Qg4 47.
Qa7+ 1-0

[Event "Liga Madrileña - DH 2011-2012"]
[Site "Madrid ESP"]
[Date "2012.02.26"]
[Round "12.31"]
[White "Candela Perez, Jose"]
[Black "Valles Moreno, Ivan"]
[Result "1-0"]
[WhiteElo "2424"]
[BlackElo "2391"]
[PlyCount "79"]
[EventDate "2011.11.13"]
[EventType "team"]
[EventRounds "14"]
[EventCountry "ESP"]
[Source "lmi"]
[SourceDate "2011.11.13"]
[WhiteTeam "La Casa del Ajedrez"]
[BlackTeam "Amigos del Retiro"]
[WhiteTeamCountry "ESP"]
[BlackTeamCountry "ESP"]

1. d4 d5 2. c4 c6 3. Nf3 Nf6 4. e3 Bf5 5. Nc3 e6 6. Nh4 Be4 7. f3 Bg6 8. Qb3
Qc7 9. Bd2 Be7 10. Rc1 Nbd7 11. g3 dxc4 12. Bxc4 Nb6 13. Be2 Rd8 14. e4 Nh5 15.
Ng2 e5 16. dxe5 Rxd2 17. Kxd2 Qxe5 18. Kc2 Qd4 19. Kb1 f5 20. Qd1 Qb4 21. a3
Qa5 22. Bd3 O-O 23. Ne3 Rd8 24. Nxf5 Bf8 25. Qc2 Bf7 26. Rhd1 Nf6 27. Be2 Re8
28. Nd6 Bxd6 29. Rxd6 Qh5 30. f4 Qxh2 31. e5 Nfd7 32. Bg4 Qxc2+ 33. Rxc2 Nc5
34. b4 Nb3 35. e6 Bg6 36. f5 Nc4 37. Rd7 h5 38. Ka2 hxg4 39. fxg6 Nca5 40. e7
1-0

[Event "Liga Madrileña - DH 2011-2012"]
[Site "Madrid ESP"]
[Date "2012.02.26"]
[Round "12.32"]
[White "Vallejo Diaz, Javier"]
[Black "Bass, Leonid"]
[Result "1/2-1/2"]
[WhiteElo "2367"]
[BlackElo "2410"]
[PlyCount "86"]
[EventDate "2011.11.13"]
[EventType "team"]
[EventRounds "14"]
[EventCountry "ESP"]
[Source "lmi"]
[SourceDate "2011.11.13"]
[WhiteTeam "Amigos del Retiro"]
[BlackTeam "La Casa del Ajedrez"]
[WhiteTeamCountry "ESP"]
[BlackTeamCountry "ESP"]

1. e4 c6 2. d4 d5 3. Nd2 dxe4 4. Nxe4 Bf5 5. Ng3 Bg6 6. h4 h6 7. Nh3 Nf6 8. Nf4
Bh7 9. Bc4 e6 10. Qe2 Bd6 11. Ngh5 O-O 12. Be3 Nbd7 13. O-O-O Nxh5 14. Nxh5 Nf6
15. Bd3 Nxh5 16. Qxh5 Qf6 17. Qe2 Bf4 18. g4 Bxd3 19. Qxd3 Rfe8 20. g5 hxg5 21.
hxg5 Bxg5 22. Qh7+ Kf8 23. Qh5 Bf4 24. Qc5+ Kg8 25. Bxf4 Qxf4+ 26. Kb1 g6 27.
Qb4 Rab8 28. Qa3 a6 29. Qh3 Kg7 30. Qc3 e5 31. dxe5 Qxe5 32. Qd2 Rh8 33. Rhe1
Qf6 34. Qb4 Rh4 35. Qb6 Rh5 36. a4 Rh4 37. b3 Rf4 38. Re2 Rf3 39. Qc7 Qf4 40.
Qb6 g5 41. Rg1 Kg6 42. Qc5 Rd8 43. Qe7 Rd5 1/2-1/2

[Event "Liga Madrileña - DH 2011-2012"]
[Site "Madrid ESP"]
[Date "2012.02.26"]
[Round "12.33"]
[White "Elguezabal Varela, Daniel"]
[Black "Fernandez Garcia, Miguel Angel"]
[Result "1-0"]
[WhiteElo "2352"]
[BlackElo "2318"]
[PlyCount "99"]
[EventDate "2011.11.13"]
[EventType "team"]
[EventRounds "14"]
[EventCountry "ESP"]
[Source "lmi"]
[SourceDate "2011.11.13"]
[WhiteTeam "La Casa del Ajedrez"]
[BlackTeam "Amigos del Retiro"]
[WhiteTeamCountry "ESP"]
[BlackTeamCountry "ESP"]

1. d4 d5 2. c4 c6 3. Nf3 Nf6 4. e3 g6 5. Nc3 Bg7 6. Be2 O-O 7. O-O Bg4 8. cxd5
cxd5 9. Qb3 b6 10. h3 Bxf3 11. Bxf3 e6 12. Bd2 Nc6 13. Qa4 Na5 14. b3 a6 15.
Ne2 Nb7 16. Qc6 Rb8 17. Bb4 Re8 18. Rac1 Bf8 19. Bxf8 Kxf8 20. Qa4 Na5 21. Rc2
Re7 22. Rfc1 Kg7 23. Qb4 Ne8 24. Nf4 Qd6 25. Nd3 Qxb4 26. Nxb4 Ra8 27. Be2 b5
28. Rc8 Rea7 29. R8c2 Kf6 30. f3 Rd8 31. Nd3 Ke7 32. Kf2 f6 33. Nb4 h5 34. h4
Rdd7 35. Bd3 f5 36. Kg3 Rdc7 37. Kf4 Kf6 38. Rc5 Rxc5 39. Rxc5 Nb7 40. Rc6 a5
41. Nxd5+ Kf7 42. Nc3 b4 43. Nb5 Ra8 44. Bc4 Nd8 45. Rb6 Ke7 46. Kg5 Rc8 47.
Kxg6 Nf6 48. Nd6 Ra8 49. Nxf5+ exf5 50. Rxf6 1-0

[Event "Liga Madrileña - DH 2011-2012"]
[Site "Madrid ESP"]
[Date "2012.02.26"]
[Round "12.34"]
[White "Perez Gonzalez, Jose Manuel"]
[Black "Suarez Uriel, Adrian"]
[Result "1-0"]
[WhiteElo "2304"]
[BlackElo "2238"]
[PlyCount "59"]
[EventDate "2011.11.13"]
[EventType "team"]
[EventRounds "14"]
[EventCountry "ESP"]
[Source "lmi"]
[SourceDate "2011.11.13"]
[WhiteTeam "Amigos del Retiro"]
[BlackTeam "La Casa del Ajedrez"]
[WhiteTeamCountry "ESP"]
[BlackTeamCountry "ESP"]

1. e4 c5 2. Nf3 Nc6 3. d4 cxd4 4. Nxd4 g6 5. Nc3 Bg7 6. Be3 Nf6 7. Bc4 O-O 8.
Bb3 a5 9. O-O Nxd4 10. Bxd4 d6 11. Qe2 Bd7 12. Rad1 Bc6 13. Nd5 Nd7 14. Bxg7
Kxg7 15. c4 Nc5 16. Bc2 Rb8 17. Rfe1 f6 18. b3 b5 19. cxb5 Rxb5 20. Qd2 Rb7 21.
Re3 Rf7 22. Rh3 Kg8 23. Re1 Bxd5 24. exd5 Qb6 25. Rh4 Nd7 26. Bxg6 Rg7 27.
Bxh7+ Rxh7 28. Rxh7 Kxh7 29. Rxe7+ Kg8 30. Qh6 1-0

[Event "Liga Madrileña - DH 2011-2012"]
[Site "Madrid ESP"]
[Date "2012.02.26"]
[Round "12.35"]
[White "Unciti Juan, Javier"]
[Black "Sanchez Gonzalez, Sergio"]
[Result "1-0"]
[WhiteElo "2143"]
[BlackElo "2286"]
[PlyCount "147"]
[EventDate "2011.11.13"]
[EventType "team"]
[EventRounds "14"]
[EventCountry "ESP"]
[Source "lmi"]
[SourceDate "2011.11.13"]
[WhiteTeam "La Casa del Ajedrez"]
[BlackTeam "Amigos del Retiro"]
[WhiteTeamCountry "ESP"]
[BlackTeamCountry "ESP"]

1. d4 Nf6 2. c4 e6 3. Nc3 Bb4 4. e3 O-O 5. Bd3 d5 6. Nge2 c5 7. a3 Bxc3+ 8.
Nxc3 cxd4 9. exd4 Nc6 10. Be3 a6 11. O-O Qd6 12. c5 Qd8 13. f4 g6 14. g4 e5 15.
fxe5 Nxg4 16. Bf4 f6 17. e6 f5 18. Bd6 Qg5 19. Bf4 Qf6 20. Be2 Qxe6 21. Bf3 Nf6
22. Qd3 Ne4 23. Rae1 Qf7 24. Bh6 Rd8 25. Qe3 Nf6 26. Qf4 Be6 27. Bg5 Re8 28.
Bxf6 Qxf6 29. Nxd5 Bxd5 30. Bxd5+ Kh8 31. Bxc6 bxc6 32. Re5 Rxe5 33. dxe5 Qe7
34. b4 Rd8 35. Re1 Qe6 36. Qg5 Re8 37. Qd2 Kg7 38. Qd6 f4 39. Kf2 g5 40. Qxe6
Rxe6 41. Kf3 Re8 42. Ke4 Rd8 43. Kf5 h6 44. e6 Rd5+ 45. Kg4 Kf8 46. Kh5 Ke7 47.
h3 f3 48. Rf1 Rf5 49. Kxh6 Kxe6 50. Kh5 Ke5 51. Kg4 f2 52. Kg3 Ke4 53. Rxf2 Rd5
54. Re2+ Kf5 55. Rf2+ Kg6 56. Rf3 Kh5 57. Re3 Rd1 58. Re6 Rd3+ 59. Kg2 Rxa3 60.
Rxc6 Ra2+ 61. Kg3 a5 62. b5 Rb2 63. b6 Rb3+ 64. Kg2 a4 65. Rc8 Rb2+ 66. Kf3 Rb5
67. Ke4 a3 68. Rh8+ Kg6 69. Kd5 Ra5 70. b7 a2 71. b8=Q a1=Q 72. Qe8+ Kf6 73.
Qf8+ Kg6 74. Rh6# 1-0

[Event "Liga Madrileña - DH 2011-2012"]
[Site "Madrid ESP"]
[Date "2012.02.26"]
[Round "12.36"]
[White "Paredes Sanchez, Juan"]
[Black "Collado Barbas, Laura"]
[Result "0-1"]
[WhiteElo "2206"]
[BlackElo "2078"]
[PlyCount "74"]
[EventDate "2011.11.13"]
[EventType "team"]
[EventRounds "14"]
[EventCountry "ESP"]
[Source "lmi"]
[SourceDate "2011.11.13"]
[WhiteTeam "Amigos del Retiro"]
[BlackTeam "La Casa del Ajedrez"]
[WhiteTeamCountry "ESP"]
[BlackTeamCountry "ESP"]

1. e4 e6 2. d4 d5 3. Nc3 Bb4 4. exd5 exd5 5. Bd3 Nc6 6. a3 Bxc3+ 7. bxc3 Nce7
8. Qf3 Nf6 9. Ne2 c6 10. O-O O-O 11. Rb1 b6 12. h3 Ne4 13. a4 Re8 14. Ng3 f5
15. c4 Kh8 16. Nh5 Ng6 17. cxd5 Qxd5 18. c4 Qd7 19. Re1 Nc3 20. Rxe8+ Qxe8 21.
Ra1 Nh4 22. Qg3 Qxh5 23. Bg5 Ng6 24. Qe3 h6 25. Qe8+ Kh7 26. Bd2 Ne4 27. Bxe4
fxe4 28. Qxc6 Bxh3 29. Qxe4 Rf8 30. gxh3 Qxh3 31. Re1 Rf5 32. Re3 Rg5+ 33. Rg3
Rxg3+ 34. fxg3 Qxg3+ 35. Kf1 Qb3 36. d5 Qxa4 37. d6 Qd1+ 0-1

[Event "Liga Madrileña - DH 2011-2012"]
[Site "Madrid ESP"]
[Date "2012.02.26"]
[Round "12.41"]
[White "Arribas Lopez, Angel"]
[Black "Alcazar Jimenez, Victor Manuel"]
[Result "1-0"]
[WhiteElo "2487"]
[BlackElo "2379"]
[PlyCount "57"]
[EventDate "2011.11.13"]
[EventType "team"]
[EventRounds "14"]
[EventCountry "ESP"]
[Source "lmi"]
[SourceDate "2011.11.13"]
[WhiteTeam "Leganes"]
[BlackTeam "Blanco y Negro"]
[WhiteTeamCountry "ESP"]
[BlackTeamCountry "ESP"]

1. e4 c5 2. Nc3 e6 3. Nf3 a6 4. d4 cxd4 5. Nxd4 Bc5 6. Nb3 Be7 7. g3 b5 8. Bg2
Bb7 9. O-O Qc7 10. Qg4 g6 11. Qe2 d6 12. f4 Nd7 13. a3 Rc8 14. Be3 Ngf6 15. f5
gxf5 16. exf5 e5 17. g4 Rg8 18. h3 Nb6 19. Nxb5 Qxc2 20. Qxc2 Rxc2 21. Bxb7
Nbd5 22. Bd2 axb5 23. Rac1 Rxb2 24. Bc6+ Kd8 25. Ba5+ Nc7 26. Bxb5 Nfd5 27. f6
Rxb3 28. Bxc7+ Kc8 29. Bxd6+ 1-0

[Event "Liga Madrileña - DH 2011-2012"]
[Site "Madrid ESP"]
[Date "2012.02.26"]
[Round "12.42"]
[White "Alarcia Astiz, Carlos"]
[Black "Davicce Canada, Juan Antonio"]
[Result "1-0"]
[WhiteElo "2313"]
[BlackElo "2095"]
[PlyCount "59"]
[EventDate "2011.11.13"]
[EventType "team"]
[EventRounds "14"]
[EventCountry "ESP"]
[Source "lmi"]
[SourceDate "2011.11.13"]
[WhiteTeam "Blanco y Negro"]
[BlackTeam "Leganes"]
[WhiteTeamCountry "ESP"]
[BlackTeamCountry "ESP"]

1. e4 c6 2. d4 d5 3. Nd2 dxe4 4. Nxe4 Bf5 5. Ng3 Bg6 6. h4 h6 7. Nf3 Nd7 8. h5
Bh7 9. Bd3 Bxd3 10. Qxd3 e6 11. Bd2 Qc7 12. O-O-O Ngf6 13. Ne4 O-O-O 14. Kb1 c5
15. Nxf6 Nxf6 16. Qa3 Kb8 17. Qa4 c4 18. Ne5 Ne4 19. Ba5 b6 20. Nc6+ Kc8 21.
Nxd8 bxa5 22. Nxf7 Rg8 23. Qe8+ Kb7 24. Nd8+ Ka6 25. Nxe6 Qb7 26. Nxf8 Nc3+ 27.
Ka1 Nxd1 28. Rxd1 Qb6 29. Qf7 c3 30. bxc3 1-0

[Event "Liga Madrileña - DH 2011-2012"]
[Site "Madrid ESP"]
[Date "2012.02.26"]
[Round "12.43"]
[White "Ballester de Miguel, Miguel Angel"]
[Black "Alcazar Jimenez, Jesus Alberto"]
[Result "1/2-1/2"]
[WhiteElo "2070"]
[BlackElo "2252"]
[PlyCount "136"]
[EventDate "2011.11.13"]
[EventType "team"]
[EventRounds "14"]
[EventCountry "ESP"]
[Source "lmi"]
[SourceDate "2011.11.13"]
[WhiteTeam "Leganes"]
[BlackTeam "Blanco y Negro"]
[WhiteTeamCountry "ESP"]
[BlackTeamCountry "ESP"]

1. e4 c5 2. Nf3 e6 3. d4 cxd4 4. Nxd4 Nf6 5. Nc3 Nc6 6. Be2 Qb6 7. Nb3 a6 8.
O-O Bb4 9. Kh1 O-O 10. Be3 Qc7 11. Bd3 Ne5 12. f4 Nc4 13. Bxc4 Qxc4 14. Qd3 b5
15. Bd4 Qxd3 16. cxd3 Be7 17. Rac1 d6 18. Ne2 Bd8 19. Rc2 Bd7 20. Rfc1 b4 21.
Bg1 Ba4 22. Ned4 a5 23. Rc8 Rxc8 24. Rxc8 Nd7 25. Nc6 Bf6 26. Rxf8+ Kxf8 27.
Nbxa5 Bxb2 28. Nxb4 Bc3 29. Nac6 Nc5 30. e5 Nxd3 31. Nxd3 Bxc6 32. exd6 f6 33.
Bc5 Ke8 34. Kg1 Kd7 35. Kf2 Bd5 36. a3 Be4 37. Nb4 e5 38. fxe5 Bxe5 39. g3 Bxd6
40. Bxd6 Kxd6 41. Ke3 Bf5 42. Kd4 Be6 43. Nd3 Kc6 44. Nc5 Bg4 45. Ne4 Bd1 46.
h4 Kd7 47. Kc5 Ke6 48. Nf2 Bc2 49. Kd4 Kf5 50. Kc3 Ba4 51. Kb4 Bc6 52. a4 h5
53. a5 g5 54. Kc5 Ba8 55. Kd6 gxh4 56. gxh4 Kf4 57. Ke6 f5 58. Nd3+ Kg4 59.
Ne5+ Kf4 60. Kf6 Ke4 61. Nc4 f4 62. Kg5 Bd5 63. Nd6+ Ke5 64. Nf5 Be4 65. Ng7 f3
66. Nxh5 f2 67. Ng3 Bd3 68. h5 Ke6 1/2-1/2

[Event "Liga Madrileña - DH 2011-2012"]
[Site "Madrid ESP"]
[Date "2012.02.26"]
[Round "12.44"]
[White "Rivas Vila, David"]
[Black "Lopez de Turiso, Jose Angel"]
[Result "1-0"]
[WhiteElo "2216"]
[BlackElo "2065"]
[PlyCount "85"]
[EventDate "2011.11.13"]
[EventType "team"]
[EventRounds "14"]
[EventCountry "ESP"]
[Source "lmi"]
[SourceDate "2011.11.13"]
[WhiteTeam "Blanco y Negro"]
[BlackTeam "Leganes"]
[WhiteTeamCountry "ESP"]
[BlackTeamCountry "ESP"]

1. e4 g6 2. d4 Bg7 3. Nc3 d6 4. Be3 Nd7 5. Nf3 e5 6. Qd2 c6 7. O-O-O b5 8. dxe5
dxe5 9. Bxb5 cxb5 10. Nxb5 Ba6 11. Nd6+ Kf8 12. Nxf7 Kxf7 13. Qxd7+ Qxd7 14.
Rxd7+ Ne7 15. Ng5+ Ke8 16. Rd6 Bc4 17. b3 h6 18. Nf3 Be2 19. Nd2 Kf7 20. Re1
Bg4 21. Ra6 Rhc8 22. Nc4 Kf8 23. f3 Bd7 24. Rxa7 Rxa7 25. Bxa7 Ra8 26. Bc5 Rxa2
27. Kb1 Ra6 28. Rd1 Ke8 29. Nd6+ Kf8 30. b4 Ra8 31. Nc4 Bc6 32. Nb6 Re8 33. c4
Kf7 34. b5 Ba8 35. Rd7 Bf6 36. Ra7 Bxe4+ 37. fxe4 Kg8 38. Bxe7 Bxe7 39. Nd5 Bg5
40. b6 Rb8 41. c5 Kf8 42. c6 Be3 43. c7 1-0